Elektrické přístroje. Spínací, ochranné a řídící : Působení, provedení, navrhovaní /

Guardado en:
Detalles Bibliográficos
Autor principal: Cigánek, Ladislav (Autor)
Formato: Libro
Lenguaje:checo
Publicado: Praha : SNTL, 1956
Edición:1.vyd.
Etiquetas: Agregar Etiqueta
Sin Etiquetas, Sea el primero en etiquetar este registro!

MARC

LEADER 00000nam a22000003a 4500
001 stu6687
005 20150617225805.6
008 940824s1956----cs------------------cze-d
040 |a STU  |b slo 
041 0 |a cze 
044 |a cs 
080 |a 621.316  |7 stu_us_auth*stu8411 
100 1 |a Cigánek, Ladislav  |4 aut 
245 1 |a Elektrické přístroje. Spínací, ochranné a řídící :  |b Působení, provedení, navrhovaní /  |c [aut.] Cigánek,Ladislav 
250 |a 1.vyd. 
260 |a Praha :  |b SNTL,  |c 1956 
300 |a 388 s 
996 |b 284EK08045  |c E*2368  |l EE01  |s A  |a 24  |w stu6687_0001 
996 |b E45894  |c E*45894  |l EE04  |s P  |a 0  |w stu6687_0002 
996 |b 284EK91171  |c E* 91171  |l EE0101  |s P  |a 0  |w stu6687_0003